000 00373nam a22001217a 4500
008 150819b xxu||||| |||| 00| 0 eng d
020 _a0060434139
082 _a150.72 JOH
100 _aJOHN,HOMER.H
_cSOLSO, ROBERT L.
245 _aAN INTRODUCTION TO EXPERIMENTAL DESIGN IN PSYCHOLOGY
_bA CASE APPROACH
250 _a2ND
260 _aNEW YORK
_bHARPER &ROW, PUBLISHERS, INC
_c1978
999 _c113
_d113